| 000 | 00800 a2200205 4500 | ||
|---|---|---|---|
| 020 | _a1584888997 | ||
| 020 | _a9781584888994 | ||
| 082 | _a004.1 | ||
| 090 |
_c1061 _d1061 |
||
| 100 | _aKauffman, Louis. | ||
| 245 | 1 | 0 |
_aMathematics of quantum computation and quantum technology / _cLouis Kauffman, Samuel J. Lomonaco. |
| 260 |
_a[S.l.] : _bChapman and Hall/CRC, _c2007. |
||
| 300 |
_a624 p. ; _c24 cm. |
||
| 490 | 1 | _aChapman & hall/crc applied mathematics & nonlinear science. | |
| 700 | 1 | _aKauffman, Louis. | |
| 700 | 1 | _aLomonaco, Samuel J. | |
| 830 | 0 | _aChapman & hall/crc applied mathematics & nonlinear science. | |
| 942 |
_aSNS _cBK _k004.1 CHE |
||
| 999 |
_c29678 _d29678 |
||